000 00325nam a22001457a 4500
008 230418b ||||| |||| 00| 0 eng d
020 _a9781349293124
041 _aeng
080 _a82
082 _a82SCH
100 _a44
101 _aENCI
245 _aBRITISH LITERARY SALONS OF THE LATE
_cSCHMID.S
942 _2udc
_cBK
999 _c59584
_d59584